Statistics for Top 10 Cincinnati Reds of All-Time

Click here to take the quiz!

General Stats

  • This quiz has been taken 755 times
  • The average score is 6 of 10

Answer Stats

WARYearsPositionPlayer% Correct
77.71963-1978, 1984-19863rd, 1st, OFPete Rose
96%
75.01967-1983C, 3rd, 1stJohnny Bench
94%
57.81972-19792ndJoe Morgan
83%
70.21986-2004SSBarry Larkin
82%
47.32007-Present1stJoey Votto
76%
45.61964-1976, 1984-19861st, 3rdTony Perez
61%
63.81956-19651st, OFFrank Robinson
48%
47.71958-1968OFVada Pinson
20%
45.91899-1905PNoodles Hahn
11%
52.41882-18992ndBid McPhee
8%

Score Distribution

Percentile by Number Answered

Percent of People with Each Score

Your Score History

You have not taken this quiz